La Catedral de Segovia /

Descripción arquitectónica de la Catedral de Segovia, una de las construcciones góticas más tardías de España, erigida en pleno siglo XVI (1525-1577). Fue trazada por Juan Gil de Hontañón y terminada por su hijo Rodrigo Gil de Hontañón. Sus últimas capillas, pentagonales en semicírculo, las acabó Ju...

Descrizione completa

Salvato in:
Dettagli Bibliografici
Autore principale: Díez, Francisco (fotógrafo)
Altri autori: Yubero Galindo, Dionisio (autor) (autor), Gutiérrez, María Luz (fotógrafo) (fotógrafo)
Natura: Libro
Lingua:spagnolo
Pubblicazione: León, España : Everest, 1973, c1973
Serie:(Ibérica. Arte Y Folklore ; 4726)
Soggetti:
Tags: Aggiungi Tag
Nessun Tag, puoi essere il primo ad aggiungerne!!

MARC

LEADER 00000nam^a2200000^a^4500
001 000184777
005 20250521000000.0
009 20260310102126.904
020 |a 84-241-4726-X 
037 |a Acervo ITESO - Biblioteca 
041 |a ESP 
082 |a 720. 94635704  |b DIE YUB 
100 |a Díez, Francisco  |e (fotógrafo) 
245 1 3 |a La Catedral de Segovia /  |c D. Yubero Galindo ; fotografía de F. Díez, M.L. Gutiérrez. 
264 4 |a León, España :  |b Everest,  |c 1973, c1973 
300 |a 63 p. 
336 |a texto  |b txt  |2 rdacontenido 
337 |a sin mediación  |b n  |2 rdamedio 
338 |a volumen  |b nc  |2 rdasoporte 
440 1 |a (Ibérica.  |p Arte Y Folklore ;  |v 4726) 
520 |a Descripción arquitectónica de la Catedral de Segovia, una de las construcciones góticas más tardías de España, erigida en pleno siglo XVI (1525-1577). Fue trazada por Juan Gil de Hontañón y terminada por su hijo Rodrigo Gil de Hontañón. Sus últimas capillas, pentagonales en semicírculo, las acabó Juan Magaguren, quien en 1615 cerraba las últimas bóvedas del crucero. De la catedral, destaca su torre, la puerta herreriana de San Frutos y el interior de tres naves, todo cubierto con bóvedas de crucería. 
649 |a XX 
650 |a Catedrales -  |z Segovia, España -  |x Tema Principal 
650 |a Catedrales -  |z España 
650 |a Arquitectura Religiosa -  |x Historia y Crítica 
650 |a Arquitectura Gótica -  |x Historia y Crítica 
650 |a Arquitectura Española -  |x Historia y Crítica 
650 |a Arte Religioso -  |x Historia y Crítica 
650 |a Arte Gótico -  |x Historia y Crítica 
650 |a Arte Español -  |x Historia y Crítica 
650 |a España -  |x Historia -  |y Casa de Austria, 1516-1700 
700 |a Yubero Galindo, Dionisio  |e (autor) 
700 |a Gutiérrez, María Luz  |e (fotógrafo) 
910 |a Fondo Julio de la Peña Lomelín 
920 |a Impresos - Libros 
930 |a Arquitectos Jaliscienses 
905 |a 115 
901 |a 0500125857  |b IT1  |c JAL  |u 20250521 
902 |a https://opac.biblio.iteso.mx/vufind/Record/000184777